000 00865cam a2200217 4500
001 ABS66875
008 030808n2003 000 0 eng u
035 _a(Sirsi) u123244
100 _aBooty, F.
245 _aWeb surfing enabled for disabled people
260 _c2003
490 _aRICS Facilities Management Faculty Feature
_v6 August 2003 (3)
520 _aNotes that all businesses providing a service through their websites need to ensure that those websites are accessible for people with visual imparements in order to comply with the Disability Discrimination Act 1995 Part III, which comes into force on October 2004.
590 _aABS
650 _aBLIND PEOPLE
650 _aDISABILITY DISCRIMINATION ACT 1995 PART III
650 _aVISUALLY IMPAIRED PEOPLE
650 _aWEBSITES
690 _aMANAGEMENT-BUSINESS MANAGEMENT
942 _n0
999 _c73196
_d73196